Corporate Crisis Management (Record no. 2769)

MARC details
000 -LEADER
fixed length control field 00406nam a22001697a 4500
005 - DATE AND TIME OF LATEST TRANSACTION
control field 20260502154711.0
008 - FIXED-LENGTH DATA ELEMENTS--GENERAL INFORMATION
fixed length control field 160615b xxu||||| |||| 00| 0 eng d
020 ## - INTERNATIONAL STANDARD BOOK NUMBER
ISBN 81-7036-926-6
041 ## - LANGUAGE CODE
Language code of text/sound track or separate title eng
082 ## - DEWEY DECIMAL CLASSIFICATION NUMBER
Classification number 658.4056
100 ## - MAIN ENTRY--AUTHOR NAME
Personal name Ramu, Shiva
245 ## - TITLE STATEMENT
Title Corporate Crisis Management
260 ## - PUBLICATION, DISTRIBUTION, ETC. (IMPRINT)
Place of publication New Delhi
Name of publisher Response Books,
Year of publication 2000
300 ## - PHYSICAL DESCRIPTION
Number of Pages 245;p
650 ## - SUBJECT ADDED ENTRY--TOPICAL TERM
Topical Term Management
942 ## - ADDED ENTRY ELEMENTS (KOHA)
Koha item type Books
Holdings
Lost status Damaged status Collection code Home library Current library Shelving location Date acquired Cost, normal purchase price Full call number Accession Number Koha item type
    MANAGEMENT JRU Library JRU Library SHELF -72 - J 15/06/2016 300.00 7744 7744 Books
    Reference JRU Library   SHELF-28-E 15/06/2016 300.00 7744 7745 Books
    MANAGEMENT JRU Library JRU Library SHELF-75-I 15/06/2016 300.00 658.4056 7746 Books
    MANAGEMENT JRU Library JRU Library SHELF -72 - J 15/06/2016 300.00 7744 7747 Books